El microscopio de Nicolás /
Guardado en:
| Autor Principal: | |
|---|---|
| Otros Autores: | |
| Formato: | Libro |
| Idioma: | Undetermined |
| Publicado: |
Bogotá :
Norma,
2000.
|
| Series: | Colección Torre Papel
|
| Materias: | |
| Etiquetas: |
Agregar Etiqueta
Sin Etiquetas, Sea el primero en etiquetar este registro!
|
| LEADER | 00596nam a22001935a 4500 | ||
|---|---|---|---|
| 001 | CEM.cems019823 | ||
| 008 | 221026s2000####xx############000#0#und#d | ||
| 005 | 20221027085945.0 | ||
| 245 | 1 | 0 | |a El microscopio de Nicolás / |c Alberto Pez; ilustrador Roberto Cubillas. |
| 260 | |a Bogotá : |b Norma, |c 2000. | ||
| 300 | |a 50cm ; |c 11 cm. | ||
| 490 | 1 | |a Colección Torre Papel | |
| 020 | |a 9580485860 | ||
| 100 | 1 | |a Pez, Alberto. | |
| 700 | 1 | |a Cubillas, Roberto; il. | |
| 082 | 0 | 4 | |a A868.4 |
| 653 | |a Literatura Infantil | ||
| 653 | |a Cuentos | ||
| 859 | |a CEMS |b BIB. CEMS - Inicial y Primaria |h A868.4 |i P468 |k IP |p 1759 |t Ej.1 | ||
